| 000 | 00539nam a22001937a 4500 | ||
|---|---|---|---|
| 003 | OSt | ||
| 005 | 20140310181742.0 | ||
| 008 | 130323t xxu||||| |||| 00| 0 eng d | ||
| 020 | _a9780060628390 | ||
| 050 |
_aBV 4501.2 _b.F754 1998 |
||
| 082 |
_aTR 248.4 _bF68 1998 |
||
| 245 |
_aCelebration of discipline : _bthe path to spiritual growth / _cRichard J. Foster |
||
| 260 |
_aNew York : _bHarper san Francisco, _cc1998. |
||
| 300 |
_a228 p. _c22 cm |
||
| 521 | _aFaculty | ||
| 541 | _j1 | ||
| 562 | _e1 | ||
| 942 |
_2lcc _cBK-TR _kTR |
||
| 999 |
_c2805 _d2805 |
||